[Event "VIE-chT"]
[Site "Hanoi"]
[Date "2023.04.23"]
[Round "9"]
[White "Nguyen, Dac Nguyen Dung"]
[Black "Nguyen, Hoang Vi"]
[Result "1/2-1/2"]
[WhiteElo "1986"]
[BlackElo "1923"]
[PlyCount "63"]
[EventDate "2023.04.18"]
[EventType "swiss"]
[EventRounds "9"]
[EventCountry "VIE"]
[SourceTitle "EXT 2024"]
[Source "ChessBase"]
[SourceDate "2023.10.10"]
[SourceVersion "1"]
[SourceVersionDate "2023.10.10"]
[SourceQuality "1"]

1. d4 d5 2. c4 e6 3. Nc3 Nf6 4. cxd5 exd5 5. Bg5 Nbd7 6. e3 Be7 7. Bd3 c6 8. h3 0-0 9. Qc2 h6 10. Bf4 Re8 11. Nf3 Nf8 12. 0-0 Ne6 13. Bh2 Bd6 14. Ne5 Qe7 15. a3 Nd7 16. Nxd7 Bxd7 17. b4 b5 18. Bxd6 Qxd6 19. Rfb1 a5 20. bxa5 Rxa5 21. a4 Rea8 22. Qb3 bxa4 23. Rxa4 g6 24. Rxa5 Rxa5 25. Na4 Kg7 26. Qc2 Be8 27. Be2 h5 28. Qb3 Qc7 29. Bd3 Qa7 30. Bc2 Rb5 31. Qa2 Ra5 32. Qb3 1/2-1/2

[Event "VIE-chT"]
[Site "Hanoi"]
[Date "2023.04.22"]
[Round "7"]
[White "Nguyen, Hoang Vi"]
[Black "Nguyen, Duc Huan"]
[Result "1-0"]
[WhiteElo "1923"]
[BlackElo "1963"]
[PlyCount "96"]
[EventDate "2023.04.18"]
[EventType "swiss"]
[EventRounds "9"]
[EventCountry "VIE"]
[SourceTitle "EXT 2024"]
[Source "ChessBase"]
[SourceDate "2023.10.10"]
[SourceVersion "1"]
[SourceVersionDate "2023.10.10"]
[SourceQuality "1"]

1. e4 e5 2. Nf3 Nc6 3. Bc4 Bc5 4. c3 d6 5. d4 exd4 6. cxd4 Bb4+ 7. Bd2 Bxd2+ 8. Qxd2 Bd7 9. Nc3 Nge7 10. 0-0 0-0 11. Rac1 Ng6 12. a3 a5 13. h3 h6 14. Bd3 a4 15. Qc2 Na5 16. Nxa4 Nf4 17. Nc3 Qf6 18. e5 Nxh3+ 19. Kh1 dxe5 20. dxe5 Qf4 21. Ne2 Qg4 22. Nh2 Qh4 23. gxh3 Bc6+ 24. f3 Qxh3 25. b4 Rfe8 26. Qc3 Nb3 27. Qxb3 Rxe5 28. Rxc6 bxc6 29. Nf4 Qg3 30. Ne2 Qh3 31. Ng1 Qg3 32. f4 Re3 33. Ngf3 Rae8 34. Qc4 R8e6 35. Qd4 Qh3 36. a4 Kf8 37. a5 Re8 38. a6 Qc8 39. Rg1 f6 40. Ne5 R3xe5 41. fxe5 fxe5 42. Qg4 Qxg4 43. Nxg4 Rd8 44. a7 Ra8 45. Ra1 Ke7 46. Bf5 h5 47. Ne3 Kd8 48. Nc2 g5 1-0

[Event "VIE-chT"]
[Site "Hanoi"]
[Date "2023.04.21"]
[Round "6"]
[White "Nguyen, Truong An Khang"]
[Black "Nguyen, Hoang Vi"]
[Result "1-0"]
[WhiteElo "1407"]
[BlackElo "1923"]
[PlyCount "71"]
[EventDate "2023.04.18"]
[EventType "swiss"]
[EventRounds "9"]
[EventCountry "VIE"]
[SourceTitle "EXT 2024"]
[Source "ChessBase"]
[SourceDate "2023.10.10"]
[SourceVersion "1"]
[SourceVersionDate "2023.10.10"]
[SourceQuality "1"]

1. d4 Nf6 2. c4 e6 3. Nc3 Bb4 4. Qc2 0-0 5. e4 d5 6. e5 Ne4 7. Bd3 c5 8. Nf3 cxd4 9. Nxd4 Nd7 10. Bf4 Ndc5 11. 0-0 Bxc3 12. bxc3 Nxd3 13. Qxd3 b6 14. cxd5 exd5 15. Rfd1 Qd7 16. Ne2 Rd8 17. Ng3 Nc5 18. Qd4 Ne6 19. Qe3 h6 20. Nh5 Qe7 21. Bxh6 Qh4 22. Nxg7 d4 23. cxd4 Rxd4 24. Nf5 Rxd1+ 25. Rxd1 Qg4 26. Qg3 Qxg3 27. Nxg3 Ba6 28. Be3 Bc4 29. a3 b5 30. f4 a5 31. f5 Nc7 32. Rd4 Nd5 33. Rg4+ Kf8 34. Bc5+ Ne7 35. f6 Ke8 36. fxe7 1-0

[Event "VIE-chT"]
[Site "Hanoi"]
[Date "2023.04.19"]
[Round "3"]
[White "Nguyen, Hoang Vi"]
[Black "Chau, Van Khai Hoan"]
[Result "0-1"]
[WhiteElo "1923"]
[BlackElo "1987"]
[PlyCount "158"]
[EventDate "2023.04.18"]
[EventType "swiss"]
[EventRounds "9"]
[EventCountry "VIE"]
[SourceTitle "EXT 2024"]
[Source "ChessBase"]
[SourceDate "2023.10.10"]
[SourceVersion "1"]
[SourceVersionDate "2023.10.10"]
[SourceQuality "1"]

1. d4 d5 2. c4 c6 3. Nc3 dxc4 4. a4 Nf6 5. Nf3 Bf5 6. Ne5 e6 7. Nxc4 Bb4 8. Qb3 a5 9. e3 Na6 10. Be2 0-0 11. 0-0 Qe7 12. Ne5 Bd6 13. Nd3 Nd5 14. Rd1 Ndb4 15. e4 Bg6 16. Be3 Nxd3 17. Bxd3 Nb4 18. Be2 e5 19. f3 exd4 20. Bxd4 Bh5 21. Bf2 Rfe8 22. Na2 Na6 23. Rac1 Nc5 24. Qc2 Ne6 25. Nc3 Nf4 26. Bf1 Rad8 27. Ne2 Ne6 28. Ng3 Bg6 29. Re1 Bb4 30. Red1 Bd6 31. Ne2 Qg5 32. g3 Qf6 33. Bg2 Ng5 34. Qb3 Qe7 35. Bb6 Bc7 36. Bc5 Qe6 37. Rxd8 Bxd8 38. Qxb7 f5 39. Nf4 Qf7 40. Qxc6 fxe4 41. Nxg6 exf3 42. Nf4 fxg2 43. Kxg2 Ne6 44. Rf1 Nxc5 45. Qxc5 Qb7+ 46. Qd5+ Qxd5+ 47. Nxd5 Re2+ 48. Rf2 Rxf2+ 49. Kxf2 Kf7 50. Ke3 Ke6 51. Kd4 Kd6 52. b3 g6 53. Ne3 Bb6+ 54. Kd3 Bc7 55. Kc4 Kc6 56. Nd5 Bd8 57. Kd4 Bc7 58. Ne3 Bb6+ 59. Kd3 Kc5 60. Ke4 Bc7 61. Nd5 Bd6 62. Nf6 Kb4 63. Nd7 Kxb3 64. Kd5 Bb4 65. Nb6 Be1 66. Ke4 Bf2 67. Nd5 Kxa4 68. Kd3 Kb3 69. Nf6 a4 70. Ne4 Be1 71. Nc5+ Kb4 72. Ne4 a3 73. Kc2 Kc4 74. Kb1 Kd4 75. Nf6 h5 76. Ka2 Bb4 77. h4 Ke5 78. Nd7+ Kf5 79. Kb1 Bd6 0-1

[Event "VIE-chT"]
[Site "Hanoi"]
[Date "2023.04.18"]
[Round "2"]
[White "Nguyen, Tran Huy Khanh"]
[Black "Nguyen, Hoang Vi"]
[Result "1/2-1/2"]
[WhiteElo "1984"]
[BlackElo "1923"]
[PlyCount "47"]
[EventDate "2023.04.18"]
[EventType "swiss"]
[EventRounds "9"]
[EventCountry "VIE"]
[SourceTitle "EXT 2024"]
[Source "ChessBase"]
[SourceDate "2023.10.10"]
[SourceVersion "1"]
[SourceVersionDate "2023.10.10"]
[SourceQuality "1"]

1. d4 d5 2. c4 e6 3. Nc3 Nf6 4. cxd5 exd5 5. Bg5 Nbd7 6. e3 Be7 7. Bd3 0-0 8. Nge2 h6 9. Bh4 c6 10. 0-0 Ne4 11. Bxe7 Qxe7 12. Bxe4 dxe4 13. Nf4 Nf6 14. Qb3 Rd8 15. Rfd1 Bf5 16. Rac1 Rac8 17. d5 g5 18. Nfe2 cxd5 19. Nxd5 Nxd5 20. Rxc8 Rxc8 21. Qxd5 Bg4 22. Qd2 Qe6 23. b3 Qa6 24. Rc1 1/2-1/2

[Event "VIE-ch U20"]
[Site "Hanoi"]
[Date "2022.06.15"]
[Round "7"]
[White "Nguyen, Hoang Vi"]
[Black "Nguyen, Quang Trung"]
[Result "0-1"]
[WhiteElo "2252"]
[BlackElo "2254"]
[PlyCount "44"]
[EventDate "2022.06.11"]
[EventType "swiss"]
[EventRounds "9"]
[EventCountry "VIE"]
[SourceTitle "EXT 2023"]
[Source "ChessBase"]
[SourceDate "2022.10.05"]
[SourceVersion "1"]
[SourceVersionDate "2022.10.05"]
[SourceQuality "1"]

1. c4 Nf6 2. Nc3 e6 3. Nf3 b6 4. e3 Bb7 5. Be2 Be7 6. d3 0-0 7. 0-0 d5 8. cxd5 Nxd5 9. Qc2 Nd7 10. a3 c5 11. Ra2 N7f6 12. b3 Nxc3 13. Qxc3 Nd5 14. Qc2 Bf6 15. Bb2 Rc8 16. Rd1 Qe7 17. Raa1 Rfd8 18. Rac1 Rd7 19. Ne5 Rdc7 20. Bh5 Bxe5 21. Bxe5 Qg5 22. Bxc7 Nxe3 0-1